Words and phrases legally defined - supplement 2002 (Record no. 102541)

MARC details
000 -LEADER
fixed length control field 00551cam a2200217 4500
008 - FIXED-LENGTH DATA ELEMENTS--GENERAL INFORMATION
fixed length control field 000000n2002 000 0 eng u
020 ## - INTERNATIONAL STANDARD BOOK NUMBER
International Standard Book Number 0406961573
035 ## - SYSTEM CONTROL NUMBER
System control number (Sirsi) u120667
041 ## - LANGUAGE CODE
Language code of text/sound track or separate title eng
050 ## - LIBRARY OF CONGRESS CALL NUMBER
Classification number 340.03
-- 18
100 ## - MAIN ENTRY--PERSONAL NAME
Personal name Hay, D.
-- Editor
245 ## - TITLE STATEMENT
Title Words and phrases legally defined - supplement 2002
250 ## - EDITION STATEMENT
Edition statement 3rd. ed.
260 ## - PUBLICATION, DISTRIBUTION, ETC.
Place of publication, distribution, etc. London
Name of publisher, distributor, etc. Reed Elsevier
Date of publication, distribution, etc. 2002
300 ## - PHYSICAL DESCRIPTION
Extent 534p.
Dimensions 25cm.
650 ## - SUBJECT ADDED ENTRY--TOPICAL TERM
Topical term or geographic name entry element DICTIONARIES
650 ## - SUBJECT ADDED ENTRY--TOPICAL TERM
Topical term or geographic name entry element LAW
650 ## - SUBJECT ADDED ENTRY--TOPICAL TERM
Topical term or geographic name entry element WORDS AND PHRASES LEGALLY DEFINED
690 ## - LOCAL SUBJECT ADDED ENTRY--TOPICAL TERM (OCLC, RLIN)
Topical term or geographic name as entry element LAW
942 ## - ADDED ENTRY ELEMENTS (KOHA)
Suppress in OPAC 0

No items available.